Tiếng Trung chuyên ngành Lịch sử
v.v...
Đã lưu trong:
| Tác giả chính: | |
|---|---|
| Định dạng: | Sách |
| Năm xuất bản: |
Quảng Bình
Đại học Quảng Bình
2015
|
| Chủ đề: | |
| Tags: |
Thêm thẻ
Không có thẻ, Hãy là người đầu tiên gắn thẻ bản ghi này!
|
| LEADER | 00620nam a2200181 4500 | ||
|---|---|---|---|
| 999 | |c 14497 |d 14497 | ||
| 082 | |a 495.1 |b L103TH | ||
| 100 | |a Lại Thị Mỹ Hướng | ||
| 245 | |a Tiếng Trung chuyên ngành Lịch sử |c Lại Thị Mỹ Hướng | ||
| 260 | |a Quảng Bình |b Đại học Quảng Bình |c 2015 | ||
| 300 | |a 47tr. |c 29cm. | ||
| 520 | |a v.v... | ||
| 653 | |a Tiếng Trung | ||
| 653 | |a Chuyên ngành | ||
| 653 | |a Lịch sử | ||
| 653 | |a Bài giảng | ||
| 942 | |2 ddc |c TC | ||
| 952 | |0 0 |1 0 |2 ddc |4 0 |6 495_100000000000000_L103TH |7 0 |8 400 |9 111497 |a qbu |b qbu |c D1 |d 2017-08-15 |o 495.1 L103TH |p BG490.c1 |r 2017-08-15 |w 2017-08-15 |y TC | ||